000 00612nam a22002297a 4500
003 UA-OsUOA
001 74749
007 ta
008 20110418b un ||||| |||| 00| 0 ukr d
100 _aМаксименко К.
090 _a821.161.1-1
_bМ17
942 _cBK
040 _aUA-OsUOA
_brus
_cUA-OsUOA
_dUA-OsUOA
245 _aСила слова
_bпоэтический сборник
300 _a80 с.
955 _a3
041 _arus
080 _a821.161.1-1
260 _aК.
_bКММ
_c2006
650 7 _a82 Література. Літературознавство
_2UDC
999 _c361043
_d361043